Clic Autour de l'heptathlon (épreuve féminine) - Statistiques

Statistiques générales
  • Ce quiz a été pris 11 fois
  • Le résultat moyen est 20 sur 40
Statistiques - réponses
Hint Réponse % Correct
Pour obtenir 1000 points au 100 m Haies, il faut le courir en 13 s 86
100%
Pour obtenir 900 points au 200 m, il faut le courir en 24 s 87
100%
Pour obtenir 900 points au 800 m, il faut le courir en 2 min 14 s 53
100%
Pour obtenir 1000 points au saut en hauteur, il faut sauter à 1,81 m
88%
Nombre d'essais aux lancers 3
88%
Le record d'Europe en juin 2024 est de (en points) 7032
88%
En 1984, lors des JO de Los Angeles, l'heptathlon a remplacé le pentathlon
88%
Le javelot utilisé pèse (en kilos) 0,600
75%
Pour obtenir 700 points au lancer de poids, il faut lancer à 12,57 m
75%
Le 1ère apparition de l'heptathlon aux championnats du monde d'athlétisme a eu lieu en 1983
75%
Pour obtenir 800 points au lancer de javelot, il faut lancer à 46,86 m
75%
Pour obtenir 1000 points au saut en longueur, il faut sauter à 6,47 m
75%
Le record du monde en juin 2024 est de (en points) 7291
75%
Quel est le prénom de cette grande heptathlète ? *** Ennis-Hill Jessica
75%
Combien de médailles a obtenu Eunice Barber en championnat du monde ? 5
63%
Le record d'Océanie en juin 2024 est de (en points) 6695
63%
De quel pays est originaire Nafissatou Thiam qui a réalisé la meilleure performance de l'année en 2016, 2017, 2018, 2021 & 2022 Belgique
63%
Quel est le prénom de cette grande heptathlète ? *** Joyner-Kersee Jackie
63%
La 1ère épreuve du décathlon est le 100 m Haies
50%
La 4e épreuve du décathlon est le 200 m
50%
Le record d'Asie en juin 2024 est de (en points) 6942
50%
De quel pays est originaire la détentrice du record olympique en juin 2024 ? Etats-Unis
50%
La table actuellement utilisée a été adoptée en 2018
38%
Le poids utilisé pèse (en kilos) 4
38%
La 1ère médaille d'or olympique d'Heptathlon a été obtenue par une heptathlète venue de/d' Australie
38%
Quel est le prénom de cette grande heptathlète ? *** Klüft Carolina
38%
De quel pays est originaire Ghada Shouaa qui a réalisé la meilleure performance de l'année en 1995 & 1996 Syrie
38%
Le disque utilisé pèse (en kilos) 1
25%
Le record d'Afrique en juin 2024 est de (en points) 6423
25%
La 7e épreuve du décathlon est le 800 m
25%
La meilleur performance olympique en 800 m a été réalisée aux JO de 1988 par une athlète venue de/d' Allemagne de l'Est
25%
De quel pays est originaire Eunice Barber qui a réalisé la meilleure performance en 1999, 2000, 2001 & 2005 France
25%
La meilleur performance olympique en lancer de javelot a été réalisée aux JO de 2012 par une athlète venue de/d' Grèce
25%
La 6e épreuve du décathlon est le Lancer du javelot
25%
La meilleur performance olympique en lancer de poids a été réalisée aux JO de 2012 par une athlète venue de/d' Lituanie
13%
La 2e épreuve du décathlon est le Saut en hauteur
13%
La 5e épreuve du décathlon est le Saut en longueur
13%
En heptathlon masculin, le record du monde est détenu par un sportif américain avec (en points) 6645
0%
La 3e épreuve du décathlon est le Lancer du poids
0%
Ce pays a obtenu deux titres olympiques en 2000 et 2012 Royaume-Uni
0%
Aucun quiz correspondant
Distribution des résultats
% des personnes avec chaque résultat
Percentile par nombre de réponses
Votre historique - résultats
Vous n’avez pas pris ce quiz